ALL Missouri Cities - Statistics

General Stats
  • This quiz has been taken 146 times
  • The average score is 91 of 951
Answer Stats
County Municipality % Correct
S Independent City St. Louis
88%
K Jackson Kansas City
87%
J Cole Jefferson City
81%
C Boone Columbia
77%
S St. Charles St. Charles
74%
S Greene Springfield
73%
J Jasper Joplin
70%
B Taney Branson
69%
C Cape Girardeau Cape Girardeau
69%
O Christian Ozark
64%
I Jackson Independence
61%
O St. Charles O'Fallon
58%
H Marion Hannibal
57%
R Phelps Rolla
57%
W Franklin Washington
55%
S Buchanan St. Joseph
54%
W St. Charles Wentzville
51%
B Jackson Blue Springs
50%
C St. Louis Chesterfield
50%
J Cape Girardeau Jackson
49%
S Pettis Sedalia
49%
P Ralls Perry
48%
K Adair Kirksville
46%
C Ray Camden
45%
L Jackson Lee's Summit
45%
N New Madrid New Madrid
45%
S St. Charles St. Peters
45%
H Sullivan Harris
44%
J Jasper Jasper
42%
M Nodaway Maryville
42%
M Audrain Mexico
42%
S Ste. Genevieve Ste. Genevieve
42%
U Franklin Union
42%
K St. Louis Kirkwood
40%
M Macon Macon
40%
P Butler Poplar Bluff
40%
F St. Louis Florissant
38%
O Camden Osage Beach
38%
C St. Louis Clayton
37%
F Jefferson Festus
37%
F Callaway Fulton
37%
N Christian Nixa
37%
P Perry Perryville
37%
B Cooper Boonville
36%
C Randolph Clark
36%
F St. Francois Farmington
36%
H Clay and Clinton Holt
36%
S Franklin St. Clair
36%
C Henry Clinton
35%
F St. Louis Ferguson
35%
L Clay Liberty
35%
T Lincoln Troy
35%
W Warren Warrenton
35%
A Jefferson Arnold
33%
M Lawrence Miller
33%
M Randolph Moberly
33%
N Newton Neosho
33%
S Franklin Sullivan
33%
W Howell West Plains
33%
E St. Louis Eureka
32%
F St. Louis Fenton
32%
L Laclede Lebanon
32%
M Monroe Monroe
32%
R Ray Richmond
32%
U St. Louis University City
32%
W Johnson Warrensburg
32%
C Camden Camdenton
31%
H Cass Harrisonville
31%
P Platte Platte City
31%
C Moniteau California
30%
C Livingston Chillicothe
30%
C Crawford Cuba
30%
L St. Charles Lake St. Louis
30%
L Osage Linn
30%
M St. Louis Maryland Heights
30%
S Scott Sikeston
30%
B St. Louis Ballwin
29%
C Jasper Carthage
29%
L Benton Lincoln
29%
N Vernon Nevada
29%
O St. Louis Overland
29%
P Monroe Paris
29%
R Jackson Raytown
29%
S Pulaski St. Robert
29%
B Scott Benton
27%
B Polk Bolivar
27%
F Howard Franklin
27%
K Dunklin Kennett
27%
L Miller Lake Ozark
27%
O Lafayette Odessa
27%
R Greene Republic
27%
W Jasper Webb City
27%
B Maries Belle
26%
H Texas Houston
26%
I Iron Ironton
26%
M St. Louis Manchester
26%
S Dent Salem
26%
W St. Louis Wildwood
26%
E Clay Excelsior Springs
25%
F Howard Fayette
25%
L Henry La Due
25%
L St. Louis Ladue
25%
M Webster Marshfield
25%
R Cass Raymore
25%
C Mississippi Charleston
24%
C St. Louis Creve Coeur
24%
S Phelps St. James
24%
W Benton Warsaw
24%
W Warren Wright City
24%
B Pike Bowling Green
23%
C Clinton and DeKalb Cameron
23%
G Jackson Grain Valley
23%
H Gasconade Hermann
23%
L Lafayette Lexington
23%
M Lawrence Mount Vernon
23%
P Franklin Pacific
23%
V Morgan Versailles
23%
W Pulaski Waynesville
23%
W St. Louis Webster Groves
23%
A Jasper Alba
21%
A Boone Ashland
21%
B Cass Belton
21%
B Bates Butler
21%
C Barry Cassville
21%
L Pike Louisiana
21%
M Monroe Madison
21%
M Saline Marshall
21%
O Jackson Oak Grove
21%
O Holt Oregon
21%
P Marion Palmyra
21%
P Washington Potosi
21%
R Clay Randolph
21%
R Bates Rich Hill
21%
T St. Louis Town and Country
21%
W Greene Willard
21%
A St. Charles Augusta
20%
B Harrison Bethany
20%
B Stone Branson West
20%
B Dallas Buffalo
20%
C Carroll Carrollton
20%
G Gasconade Gasconade
20%
H Caldwell Hamilton
20%
H Jefferson Herculaneum
20%
K Callaway Kingdom City
20%
N Clay North Kansas City
20%
S St. Louis St. Ann
20%
T Grundy Trenton
20%
A Gentry Albany
19%
A Lawrence Aurora
19%
A Douglas Ava
19%
B St. Louis Bridgeton
19%
D St. Louis Des Peres
19%
E Miller Eldon
19%
G Gentry Gentry
19%
G Clay Gladstone
19%
H St. Louis Hazelwood
19%
H Jefferson Hillsboro
19%
M Barry Monett
19%
P Cass Peculiar
19%
A McDonald Anderson
18%
D Buchanan De Kalb
18%
D Stoddard Dexter
18%
D Pulaski Dixon
18%
G Jackson Grandview
18%
L Linn Laclede
18%
M St. Louis Maplewood
18%
R Gasconade Rosebud
18%
V Maries Vienna
18%
A Oregon Alton
17%
B Linn Brookfield
17%
C Ralls Center
17%
G Wayne Greenville
17%
H Lafayette Higginsville
17%
H Callaway Holts Summit
17%
M Scotland Memphis
17%
R Webster Rogersville
17%
S Andrew Savannah
17%
S Shelby Shelbina
17%
V Carter Van Buren
17%
W St. Louis Winchester
17%
A Macon Atlanta
15%
B Gasconade Bland
15%
B Crawford Bourbon
15%
B St. Louis Brentwood
15%
C Boone Centralia
15%
C Pike Clarksville
15%
C Lafayette Concordia
15%
F Madison Fredericktown
15%
K Clay Kearney
15%
L Barton Lamar
15%
M Montgomery Montgomery City
15%
M Howell Mountain View
15%
N Callaway New Bloomfield
15%
N St. Charles New Melle
15%
O Gasconade Owensville
15%
S Shelby Shelbyville
15%
G Franklin Gerald
14%
H Taney Hollister
14%
J Randolph Jacksonville
14%
O St. Louis Olivette
14%
P St. Francois Park Hills
14%
S Clay Smithville
14%
S Cedar Stockton
14%
S St. Charles St. Paul
14%
S St. Louis Sunset Hills
14%
A Iron Arcadia
13%
A Greene Ash Grove
13%
A Callaway Auxvasse
13%
B Stoddard Baker
13%
B Greene Battlefield
13%
B St. Francois Bonne Terre
13%
C Lewis Canton
13%
C Pemiscot Caruthersville
13%
E St. Louis Ellisville
13%
F Monroe Florida
13%
F St. Charles and Warren Foristell
13%
G St. Louis Glendale
13%
K Johnson Knob Noster
13%
M Mercer Mercer
13%
M Clay Missouri City
13%
M Holt Mound City
13%
N Franklin New Haven
13%
N St. Louis Normandy
13%
O St. Louis Oakland
13%
O St. Clair Osceola
13%
P Mercer Princeton
13%
R Boone Rocheport
13%
R Atchison Rock Port
13%
S St. Louis St. John
13%
W Platte Weston
13%
W Worth Worth
13%
B St. Louis Black Jack
12%
B Stoddard Bloomfield
12%
B Caldwell Breckenridge
12%
C Texas Cabool
12%
C Reynolds Centerville
12%
C St. Louis Crestwood
12%
D St. Charles Dardenne Prairie
12%
G Daviess Gallatin
12%
G Howard Glasgow
12%
G Dade Greenfield
12%
H Pemiscot Hayti
12%
J St. Louis Jennings
12%
L Schuyler Lancaster
12%
L Macon La Plata
12%
M Linn Marceline
12%
M Sullivan Milan
12%
M Wright Mountain Grove
12%
P Cass Pleasant Hill
12%
R Platte Riverside
12%
S Scott Scott City
12%
W St. Charles Weldon Spring
12%
W Lincoln Winfield
12%
A Clark Alexandria
11%
B St. Louis Bellefontaine Neighbors
11%
C Clay Claycomo
11%
C Cass Cleveland
11%
D Jefferson De Soto
11%
D Lafayette Dover
11%
E Knox Edina
11%
E Lincoln Elsberry
11%
H Boone Hallsville
11%
H Ray Hardin
11%
H Boone Harrisburg
11%
M Warren Marthasville
11%
N Howard New Franklin
11%
N Ralls New London
11%
P Platte Parkville
11%
P Wayne Piedmont
11%
T Atchison Tarkio
11%
T Moniteau Tipton
11%
V St. Louis Valley Park
11%
A Bates Adrian
10%
A Lafayette Alma
10%
B Lafayette Bates City
10%
B St. Louis Berkeley
10%
B Caldwell Braymer
10%
B Chariton Brunswick
10%
B Linn Bucklin
10%
C Jasper Carl Junction
10%
C St. Charles Cottleville
10%
C Jefferson Crystal City
10%
D Ripley Doniphan
10%
F Greene Fair Grove
10%
F St. Louis Frontenac
10%
G Worth Grant City
10%
J Moniteau Jamestown
10%
K Clark Kahoka
10%
K Stone Kimberling City
10%
L Texas Licking
10%
M Wright Mansfield
10%
M Lawrence Marionville
10%
M Saline Miami
10%
M Lincoln Moscow Mills
10%
N Montgomery New Florence
10%
N Wright Norwood
10%
N Adair Novinger
10%
P Caldwell Polo
10%
R Pulaski Richland
10%
R St. Louis Richmond Heights
10%
S Christian Sparta
10%
S Gentry Stanberry
10%
S Crawford Steelville
10%
S St. Louis St. George
10%
U Putnam Unionville
10%
V Audrain Vandalia
10%
W Lafayette Waverly
10%
W Lafayette Wellington
10%
W Montgomery Wellsville
10%
W Henry Windsor
10%
A Bates Amsterdam
8%
B Ozark Bakersfield
8%
B St. Louis Bel-Nor
8%
B Christian Billings
8%
B Stone Blue Eye
8%
B Linn and Sullivan Browning
8%
E Buchanan Easton
8%
G Sullivan Green City
8%
G Jackson Greenwood
8%
L Lewis La Grange
8%
L Crawford Leasburg
8%
L Lewis Lewistown
8%
L Jackson Lone Jack
8%
M Callaway Mokane
8%
N Phelps Newburg
8%
N Sullivan Newtown
8%
N McDonald Noel
8%
P Jefferson Pevely
8%
P Hickory Preston
8%
R Cole Russellville
8%
S St. Louis Shrewsbury
8%
S Pemiscot Steele
8%
S Ste. Genevieve St. Mary
8%
S Saline Sweet Springs
8%
V St. Louis Vinita Park
8%
W Hickory Wheatland
8%
A Stoddard Advance
7%
B Jackson Buckner
7%
C Randolph Cairo
7%
C St. Louis Charlack
7%
C St. Louis Clarkson Valley
7%
C Christian Clever
7%
E Harrison Eagleville
7%
E Cedar El Dorado Springs
7%
E Lafayette and Saline Emma
7%
F Osage Freeburg
7%
G Grundy Galt
7%
H Carroll Hale
7%
H Lincoln Hawk Point
7%
H St. Louis Huntleigh
7%
J Daviess Jamesport
7%
K Caldwell Kingston
7%
L Lewis La Belle
7%
L Clinton Lathrop
7%
L Linn Linneus
7%
M Dunklin Malden
7%
M Linn Meadville
7%
N Knox Novelty
7%
O Clay Oakwood
7%
O Lincoln Old Monroe
7%
O Scott Oran
7%
P St. Louis Pine Lawn
7%
P McDonald Pineville
7%
P St. Charles Portage Des Sioux
7%
P New Madrid Portageville
7%
Q Schuyler Queen City
7%
R Jasper Reeds
7%
R St. Louis Riverview
7%
S Chariton Salisbury
7%
S Saline Slater
7%
T Oregon Thayer
7%
W St. Charles West Alton
7%
W Osage Westphalia
7%
W Howell Willow Springs
7%
B Jefferson Byrnes Mill
6%
C Henry Calhoun
6%
C Dunklin Campbell
6%
C Lincoln Cave
6%
C St. Louis Champ
6%
C St. Louis Cool Valley
6%
D Chariton Dalton
6%
D Worth Denver
6%
D Newton Diamond
6%
D Phelps Doolittle
6%
E Mississippi East Prairie
6%
E Phelps Edgar Springs
6%
E Shannon Eminence
6%
F Atchison Fairfax
6%
F Taney Forsyth
6%
G Ozark Gainesville
6%
G Schuyler Glenwood
6%
G Newton Granby
6%
G Sullivan Greencastle
6%
G Schuyler Greentop
6%
H Boone Hartsburg
6%
H Hickory Hermitage
6%
H Johnson Holden
6%
H Polk Humansville
6%
H Randolph Huntsville
6%
J Montgomery Jonesburg
6%
K Chariton Keytesville
6%
K Gentry King City
6%
L Cass Lake Winnebago
6%
L Morgan Laurie
6%
L Dallas Louisburg
6%
M Bollinger Marble Hill
6%
M New Madrid Matthews
6%
M DeKalb Maysville
6%
M Lafayette Mayview
6%
M Montgomery Middletown
6%
N Knox Newark
6%
O Cape Girardeau Oak Ridge
6%
P Laclede Phillipsburg
6%
P Iron Pilot Knob
6%
R Nodaway Ravenwood
6%
R Montgomery Rhineland
6%
S Newton Seneca
6%
S Grundy Spickard
6%
S Greene Strafford
6%
S Cole St. Thomas
6%
T Henry Tightwad
6%
T Carroll Tina
6%
T Platte Tracy
6%
T Warren Truesdale
6%
U Livingston Utica
6%
W Greene Walnut Grove
6%
W Daviess Winston
6%
A Daviess Altamont
5%
A Iron Annapolis
5%
B Morgan Barnett
5%
B St. Louis Bel-Ridge
5%
B Clay Birmingham
5%
B Adair Brashear
5%
B St. Louis Breckenridge Hills
5%
C Jasper Carterville
5%
C Johnson Chilhowee
5%
C Livingston Chula
5%
C Moniteau Clarksburg
5%
C Dunklin Clarkton
5%
C Camden Climax Springs
5%
C Benton Cole Camp
5%
C Laclede Conway
5%
C Pemiscot Cooter
5%
C Holt Craig
5%
C Stone Crane
5%
C Pulaski Crocker
5%
D Dade Dadeville
5%
D St. Louis Dellwood
5%
D Carroll De Witt
5%
E St. Louis Edmundson
5%
F Webster Fordland
5%
G Stone Galena
5%
G Morgan Gravois Mills
5%
G Pettis Green Ridge
5%
H Polk Halfway
5%
H Montgomery High Hill
5%
H Pemiscot Holland
5%
H Nodaway Hopkins
5%
H Dunklin Hornersville
5%
H Sullivan Humphreys
5%
J Daviess Jameson
5%
K Caldwell Kidder
5%
K St. Louis Kinloch
5%
L Grundy Laredo
5%
L Clay and Ray Lawson
5%
L Franklin Leslie
5%
L Barton Liberal
5%
L Camden Linn Creek
5%
M Holt Maitland
5%
M St. Louis Marlborough
5%
M Henry Montrose
5%
N Lafayette Napoleon
5%
N Saline Nelson
5%
N Carroll Norborne
5%
O Ray Orrick
5%
P St. Louis Pagedale
5%
P Daviess Pattonsburg
5%
P Clinton Plattsburg
5%
P Linn Purdin
5%
P Stoddard Puxico
5%
R Andrew Rea
5%
R Vernon Richards
5%
R St. Louis Rock Hill
5%
S Jasper Sarcoxie
5%
S Webster Seymour
5%
S Worth Sheridan
5%
S Lincoln Silex
5%
S Pettis Smithton
5%
S McDonald Southwest City
5%
S Crawford St. Cloud
5%
S Boone Sturgeon
5%
S Jackson Sugar Creek
5%
S St. Louis Sycamore Hills
5%
S Morgan Syracuse
5%
T Cole Taos
5%
U DeKalb Union Star
5%
V Lawrence Verona
5%
A Buchanan Agency
4%
A Worth Allendale
4%
A Mississippi Anniston
4%
A St. Clair Appleton City
4%
A Cass Archie
4%
A Saline Arrow Rock
4%
A Jasper Asbury
4%
A Lafayette Aullville
4%
A Clay Avondale
4%
B Montgomery Bellflower
4%
B Stoddard Bernie
4%
B Mississippi Bertrand
4%
B St. Louis Beverly Hills
4%
B Macon Bevier
4%
B Carroll Bogard
4%
B Carroll Bosworth
4%
B Miller Brumley
4%
B Cooper Bunceton
4%
B Nodaway Burlington Junction
4%
C Macon Callao
4%
C New Madrid Canalou
4%
C Cole Centertown
4%
C Scott Chaffee
4%
C Osage Chamois
4%
C St. Clair Collins
4%
C Nodaway Conception Junction
4%
C Lafayette Corder
4%
C Andrew Country Club
4%
C Cass Creighton
4%
D Platte Dearborn
4%
D Schuyler Downing
4%
D Cass Drexel
4%
D Stoddard Dudley
4%
D Jasper Duenweg
4%
E Platte Edgerton
4%
E Nodaway Elmo
4%
E Macon Ethel
4%
F Newton Fairview
4%
F St. Charles Flint Hill
4%
F Pike Frankford
4%
G Cass Garden City
4%
G Daviess and Harrison Gilman City
4%
G Clinton Gower
4%
G St. Louis Green Park
4%
H Wright Hartville
4%
H Ray Henrietta
4%
I Miller Iberia
4%
J Cedar Jerico Springs
4%
J Madison Junction City
4%
K Johnson Kingsville
4%
K Taney Kirbyville
4%
K Knox Knox City
4%
L Jackson Lake Lotawana
4%
L Miller Lakeside
4%
L Jackson Lake Tapawingo
4%
L Johnson Leeton
4%
L Shelby Leonard
4%
L Jackson Levasy
4%
M New Madrid Marston
4%
M Chariton Mendon
4%
M Osage Meta
4%
M New Madrid Morehouse
4%
M Gasconade Morrison
4%
N Macon New Cambria
4%
O Jasper Oronogo
4%
O Sullivan Osgood
4%
P New Madrid Parma
4%
P Nodaway Parnell
4%
P Lawrence Pierce City
4%
P Cooper Pilot Grove
4%
P Barry Purdy
4%
R Harrison Ridgeway
4%
R Bates Rockville
4%
R Buchanan Rushville
4%
S Christian Saddlebrooke
4%
S Dunklin Senath
4%
S Nodaway Skidmore
4%
S Dade South Greenfield
4%
S Miller St. Elizabeth
4%
S DeKalb Stewartsville
4%
S Cole St. Martins
4%
S Morgan Stover
4%
S Texas Summersville
4%
T Lincoln Truxton
4%
T Miller Tuscumbia
4%
U Jackson Unity Village
4%
U Dallas Urbana
4%
W Cole Wardsville
4%
W Atchison Watson
4%
W St. Louis Wellston
4%
W Atchison Westboro
4%
W Livingston Wheeling
4%
W Wayne Williamsville
4%
W Shannon Winona
4%
W Putnam Worthington
4%
W Mississippi Wyatt
4%
A Perry Altenburg
2%
A Andrew Amazonia
2%
A Howard Armstrong
2%
B Miller Bagnell
2%
B Knox Baring
2%
B Stoddard Bell City
2%
B Franklin Berger
2%
B Shelby Bethel
2%
B Lafayette and Saline Blackburn
2%
B Cooper Blackwater
2%
B Henry Blairstown
2%
B Grundy Brimson
2%
C Washington Caledonia
2%
C Platte Camden Point
2%
C Dunklin Cardwell
2%
C Shelby Clarence
2%
C DeKalb Clarksdale
2%
C Daviess Coffey
2%
C St. Louis Country Club Hills
2%
C St. Louis Country Life Acres
2%
C Hickory Cross Timbers
2%
C St. Louis Crystal Lake Park
2%
C Pike Curryville
2%
D Vernon Deerfield
2%
D St. Francois Desloge
2%
D Webster Diggins
2%
D Jasper Duquesne
2%
E Cass East Lynne
2%
E Reynolds Ellington
2%
E Carter Ellsinore
2%
E Macon Elmer
2%
E Pike Eolia
2%
E Stoddard Essex
2%
E Laclede Evergreen
2%
F Polk Fair Play
2%
F Audrain Farber
2%
F Andrew Fillmore
2%
F Butler Fisk
2%
F Holt Forest City
2%
F Bates Foster
2%
F Christian Fremont Hills
2%
G New Madrid Gideon
2%
G Barton Golden City
2%
G Polk Goodnight
2%
G Cape Girardeau Gordonville
2%
G Nodaway Graham
2%
H Lawrence Halltown
2%
H Pemiscot Hayti Heights
2%
H Scott Haywood City
2%
H Randolph Higbee
2%
H Christian Highlandville
2%
H Platte Houstonia
2%
H New Madrid Howardville
2%
H Pettis Hughesville
2%
H Shelby Hunnewell
2%
H Knox Hurdland
2%
H Stone Hurley
2%
I Warren Innsbrook
2%
I Worth Irena
2%
I Washington Irondale
2%
K Oregon Koshkonong
2%
L Audrain Laddonia
2%
L Lafayette Lake Lafayette
2%
L Pettis La Monte
2%
L St. Francois Leadwood
2%
L Newton Leawood
2%
L Dade Lockwood
2%
L Cole Lohman
2%
L Putnam Lucerne
2%
L Livingston Ludlow
2%
M Camden Macks Creek
2%
M Saline Malta Bend
2%
M Scott Miner
2%
M Lewis Monticello
2%
M Livingston Mooresville
2%
M Scott Morley
2%
M Clay Mosby
2%
M Harrison Mount Moriah
2%
N Ripley Naylor
2%
N Newton Newtonia
2%
O Franklin Oak Grove Village
2%
O Clay Oaks
2%
O Clay Oakwood Park
2%
O Cape Girardeau Old Appleton
2%
O Cooper Otterville
2%
P Franklin Parkway
2%
P Nodaway Pickering
2%
P Platte Platte Woods
2%
P Polk Pleasant Hope
2%
P Sullivan Pollock
2%
P Putnam Powersville
2%
P Clay Prathersville
2%
R Ray Rayville
2%
R Stone Reeds Spring
2%
R Jackson River Bend
2%
S Vernon Sheldon
2%
S Jackson Sibley
2%
S Mercer South Lineville
2%
S Cass Strasburg
2%
S Chariton Sumner
2%
S Camden Sunrise Beach
2%
T Taney Taneyville
2%
T Grundy Tindall
2%
T St. Louis Twin Oaks
2%
U Henry Urich
2%
V Iron Viburnum
2%
V Camden Village of Four Seasons
2%
W Vernon Walker
2%
W St. Louis Warson Woods
2%
W Barry Washburn
2%
W Clark Wayland
2%
W Hickory Weaubleau
2%
W St. Charles Weldon Spring Heights
2%
W Cass West Line
2%
W Crawford West Sullivan
2%
W St. Louis Westwood
2%
W Barry Wheaton
2%
W St. Louis Woodson Terrace
2%
A Jasper Airport Drive
1%
A Polk Aldrich
1%
A Cape Girardeau Allenville
1%
A DeKalb Amity
1%
A Bates Amoret
1%
A Scotland Arbela
1%
A Dunklin Arbyrd
1%
A Dade Arcola
1%
A Osage Argyle
1%
A Barry Arrow Point
1%
A Pike Ashburn
1%
A Jasper Avilla
1%
B Nodaway Barnard
1%
B Holt Bigelow
1%
B Holt Big Lake
1%
B Shannon Birch Tree
1%
B St. Francois Bismarck
1%
B Scott Blodgett
1%
B Ste. Genevieve Bloomsdale
1%
B Harrison Blythedale
1%
B Pemiscot Bragg City
1%
B Howell Brandsville
1%
B Vernon Bronaugh
1%
B Reynolds Bunker
1%
B Barry Butterfield
1%
C Harrison Cainsville
1%
C Jasper Carytown
1%
C New Madrid Catron
1%
C Johnson Centerview
1%
C Nodaway Clearmont
1%
C Randolph Clifton Hill
1%
C Nodaway Clyde
1%
C Stone Coney Island
1%
C Caldwell Cowgill
1%
D Gentry Darlington
1%
D Henry Deepwater
1%
D Cape Girardeau Delta
1%
D Iron Des Arc
1%
D Scott Diehlstadt
1%
E Ray Elmira
1%
E Barry Emerald Beach
1%
E Dade Everton
1%
E Lewis Ewing
1%
E Barry Exeter
1%
F Platte Ferrelview
1%
F Jasper Fidelity
1%
F Ray Fleming
1%
F Polk Flemington
1%
F Lincoln Foley
1%
F Cass Freeman
1%
F Perry Frohna
1%
G St. Clair Gerster
1%
G Adair Gibbs
1%
G Saline Gilliam
1%
G McDonald Ginger Blue
1%
G Clay Glenaire
1%
G McDonald Goodman
1%
G Carter Grandin
1%
G Saline Grand Pass
1%
G Scotland Granger
1%
G St. Louis Grantwood Village
1%
G St. Louis Greendale
1%
G Nodaway Guilford
1%
H St. Louis Hanley Hills
1%
H Dunklin Holcomb
1%
H Bates Hume
1%
I Stone Indian Point
1%
I Benton Ionia
1%
K Jefferson Kimmswick
1%
L Callaway Lake Mykee Town
1%
L Barton Lamar Heights
1%
L McDonald Lanagan
1%
L Jasper La Russell
1%
L St. Francois Leadington
1%
L New Madrid Lilbourn
1%
L Putnam Livonia
1%
L Newton Loma Linda
1%
L St. Clair Lowry City
1%
L Moniteau Lupus
1%
L Clark Luray
1%
M Audrain Martinsburg
1%
M Barton Milford
1%
M Barton Mindenmines
1%
M St. Louis Moline Acres
1%
M Polk Morrisville
1%
N Butler Neelyville
1%
N Harrison New Hampton
1%
N Webster Niangua
1%
N New Madrid North Lilbourn
1%
N Platte Northmoor
1%
O Clay Oakview
1%
O Miller Olean
1%
O Jefferson Olympian Village
1%
O DeKalb Osborn
1%
P St. Louis Pasadena Hills
1%
P Pemiscot Pascola
1%
P Bates Passaic
1%
P Pike Paynesville
1%
P Warren Pendleton
1%
P Stoddard Penermon
1%
P Boone Pierpont
1%
P Texas Plato
1%
P Cooper Prairie Home
1%
Q Butler Qulin
1%
R Texas Raymondville
1%
R Ralls Rensselaer
1%
R Clark Revere
1%
R Platte Ridgely
1%
R New Madrid Risco
1%
R Dunklin Rives
1%
R St. Clair Roscoe
1%
R Chariton Rothville
1%
R Scotland Rutledge
1%
S Newton Saginaw
1%
S Vernon Schell City
1%
S Jefferson Scotsdale
1%
S Bollinger Sedgewickville
1%
S Barry Seligman
1%
S Macon South Gifford
1%
S Scotland South Gorin
1%
S Newton Stella
1%
S Lawrence Stotts City
1%
S Laclede Stoutland
1%
S Monroe Stoutsville
1%
T New Madrid Tallapoosa
1%
T Ozark Theodosia
1%
T Warren Three Creeks
1%
T Clinton Trimble
1%
T Clinton Turney
1%
V Audrain Vandiver
1%
V St. Louis Velda City
1%
W Pemiscot Wardell
1%
W DeKalb Weatherby
1%
W Platte Weatherby Lake
1%
W Cape Girardeau Whitewater
1%
W St. Louis Wilbur Park
1%
W Mississippi Wilson City
1%
W Ray Wood Heights
1%
W Cooper Wooldridge
1%
W Clark Wyaconda
1%
A Pike Annada
0%
A Nodaway Arkoe
0%
B Cass Baldwin Park
0%
B St. Louis Bella Villa
0%
B St. Louis Bellerive Acres
0%
B Audrain Benton City
0%
B Andrew Bolckow
0%
B Jasper Brooklyn Heights
0%
B Henry Brownington
0%
B Taney Bull Creek
0%
B Barton Burgess
0%
C St. Louis Calverton Park
0%
C Jefferson Cedar Hill Lakes
0%
C Lincoln Chain of Rocks
0%
C Barry Chain-O-Lakes
0%
C Newton Cliff Village
0%
C Madison Cobalt
0%
C Scott Commerce
0%
C Holt Corning
0%
C Andrew Cosby
0%
C Ray Crystal Lakes
0%
D Newton Dennis Acres
0%
E Ray and Clay Excelsior Estates
0%
F Platte Farley
0%
F St. Louis Flordell Hills
0%
F Holt Fortescue
0%
F Lincoln Fountain N' Lakes
0%
F Lawrence Freistatt
0%
G Bollinger Glen Allen
0%
G St. Louis Glen Echo Park
0%
G Monroe Goss
0%
G Newton Grand Falls Plaza
0%
G Cass Gunn City
0%
H Vernon Harwood
0%
H St. Louis Hillsdale
0%
H Lawrence Hoberg
0%
H Monroe Holliday
0%
H Ray Homestead
0%
H Pemiscot Homestown
0%
I Platte Iatan
0%
I St. Francois Iron Mountain Lake
0%
J St. Charles Josephville
0%
K Scott Kelso
0%
L Cass Lake Annette
0%
L St. Louis Lakeshire
0%
L Platte Lake Waukomis
0%
L Scott Lambert
0%
L Buchanan Lewis & Clark Village
0%
L Perry Lithium
0%
L Cass Loch Lloyd
0%
L Daviess Lock Springs
0%
L Cole Longtown
0%
M St. Louis Mackenzie
0%
M Madison Marquand
0%
M Boone McBaine
0%
M Stone McCord Bend
0%
M Gentry McFall
0%
M Montgomery McKittrick
0%
M Taney Merriam Woods
0%
M Bates Merwin
0%
M Adair Millard
0%
M Wayne Mill Spring
0%
M Vernon Milo
0%
M Washington Mineral Point
0%
M Franklin Miramiguoa Park
0%
M Vernon Moundville
0%
M Saline Mount Leonard
0%
N Jasper Neck City
0%
N St. Louis Northwoods
0%
N St. Louis Norwood Court
0%
P Jefferson Parkdale
0%
P St. Louis Pasadena Park
0%
P Jefferson Peaceful Village
0%
P Mississippi Pinhook
0%
P Cape Girardeau Pocahontas
0%
P Jasper Purcell
0%
R Newton Redings Mill
0%
R Randolph Renick
0%
R Newton Ritchey
0%
R Cass Riverview Estates
0%
R Taney Rockaway Beach
0%
R Andrew Rosendale
0%
R Audrain Rush Hill
0%
S Newton Shoal Creek Drive
0%
S Newton Shoal Creek Estates
0%
S Newton Silver Creek
0%
S Newton Stark City
0%
S Vernon Stotesbury
0%
T Pike Tarrants
0%
T Chariton Triplett
0%
U Cedar Umber View Heights
0%
U St. Louis Uplands Park
0%
V Scott Vanduser
0%
V St. Louis Velda Village Hills
0%
V St. Louis Vinita Terrace
0%
V St. Clair Vista
0%
W Jasper Waco
0%
W Newton Wentworth
0%
W Lincoln Whiteside
0%
W Cooper Windsor Place
0%
No matching quizzes found
Score Distribution
Percent of People with Each Score
Percentile by Number Answered
Your Score History
You have not taken this quiz